Science Quiz

Random Science or Biology Quiz

Human Taxonomy Quiz Stats

 Plays Quiz Updated Feb 27, 2019

Score 0/13 Timer 04:00
4 Plays Today
Taxonomic Rank Classification % Correct
GenusHomo
95.3%
KingdomAnimalia
73.6%
SpeciesHomo sapiens
70.9%
ClassMammalia
64.6%
SubspeciesHomo sapiens sapiens
48.3%
PhylumChordata
46.1%
OrderPrimates
42.3%
DomainEukarya
34.7%
SubphylumVertebrata
33%
FamilyHominidae
23.7%
SubfamilyHomininae
6.7%
SubclassTheria
5.5%
SuborderHaplorhini
4.8%

You're not logged in!

Compare scores with friends on all Sporcle quizzes.
OR
Log In

Sporcle TV

Today on Sporcle TV


Watch our educational content, quiz creation guides, and fun videos on Sporcle TV.

Show Comments

Extras

Top Quizzes Today


Score Distribution

Your Account Isn't Verified!

In order to create a playlist on Sporcle, you need to verify the email address you used during registration. Go to your Sporcle Settings to finish the process.

Report this User

Report this user for behavior that violates our Community Guidelines.

Details: